| 000 | 00749cab a2200253 4500 | ||
|---|---|---|---|
| 001 | ABS56074 | ||
| 008 | 090401t1996 xxu||||| |||| 00| 0 eng d | ||
| 035 | _a(Sirsi) u20937 | ||
| 041 | _aeng | ||
| 100 | _aPunter, J. | ||
| 245 | _aWhitehall line on design offers food for thought | ||
| 260 | _c1996 | ||
| 350 | _a0 | ||
| 490 |
_aPlanning (for the Natural and Built Environment) _v(1191) 18 October 1996, 8-9(2) |
||
| 520 | _aReviews the advice in the new draft PPG1 and suggests some areas that have not been covered. | ||
| 650 | _aDESIGN ISSUES | ||
| 650 | _aLANDSCAPE DESIGN | ||
| 650 | _aPLANNING DESIGN | ||
| 650 | _aPPG1 | ||
| 650 | _aURBAN DESIGN | ||
| 690 | _aPLANNING LAW AND PRACTICE | ||
| 942 | _n0 | ||
| 948 | _c04/03/1997 | ||
| 999 |
_c14041 _d14041 |
||